000 00804nam a2200241 i 4500
001 110677
003 ES-MaACL
005 20231216062908.0
007 t|
008 070118s1988 sp ||||1| spa d
020 _a84-7046-462-0
080 _a165.74(73)
100 1 _aPérez de Tudela Velasco, Jorge,
_d1955-
_990809
245 1 3 _aEl pragmatismo americano
_b: acción racional y reconstrucción del sentido /
_cJorge Pérez de Tudela.
260 _aMadrid :
_bCincel,
_c1988.
300 _a234 p. :
_bil. ;
_c19 cm.
490 1 _aHistoria de la filosofía ;
_v42
504 _aBibliografía: p. 227-234. Indice.
650 1 4 _aPragmatismo-
_zEstados Unidos.
_916337
830 0 _aHistoria de la filosofía ;
_v42
_9181726
852 _aES-MaACL
_jL-15609
999 _c110677
_d110677